00617nam a22002177a 450000500170000001000130001702000210003003500130005103700160006404000120008008200160009210000170010824500660012526000590019127000450025030000250029550000200032065000140034065000280035470000170038220170124110056.0 aA-826823 c00.00a007463139 aA-826823 bCen Lib/Ret aDPLbEN a657.45bGUP aGupta, Kamal aFundamentals of auditing /cby Kamal Gupta [and] Ashok Arora  aNew Delhi bTata McGraw-Hill Publishing Company c1997 bNew Delhi a4/12 asaf ali road e110002 axii, 648p.c21cm(Hb) aIncludes index  aAuditing  aConcepts, fundamentals  aArora, Ashok